| 000 | 00000nam##2200000za#4500 |
| 001 | 9.625447 |
| 003 | CaOODSP |
| 005 | 20220808101246 |
| 007 | ta |
| 008 | 150406|2001||||xxc||||| f|0| 0 fre|d |
| 020 | |a0-662-85120-X |
| 040 | |aCaOODSP|bfre |
| 043 | |an-cn--- |
| 086 | 1 |aEn40-215/61F |
| 110 | 1 |aCanada. |bEnvironnement Canada. |bService de la protection de l'environnement. |
| 245 | 10|aFormaldéhyde |
| 260 | |aOttawa - Ontario : |bEnvironnement Canada. |c2001. |
| 300 | |aviii, 114p. : |bfigures, graphiques, références, tableaux ; |c28 cm. |
| 490 | 1 |aListe des substances d'intérêt prioritaire: rapport d'évaluation |
| 563 | |aCouverture souple |
| 590 | |a02-20|b2002-05-17 |
| 691 | 07|aÉvaluation environnementale|2gcpds |
| 691 | 07|aOzone|2gcpds |
| 691 | 07|aProduit toxique|2gcpds |
| 691 | 07|aRapport|2gcpds |
| 775 | 08|tFormaldehyde |w(CaOODSP)9.615347 |
| 776 | 0#|tFormaldéhyde / |w(CaOODSP)9.601995 |
| 830 | #0|aListe des substances d'intérêt prioritaire, rapport d'évaluation.|w(CaOODSP)9.512966 |